000 00564nam a22001697a 4500
003 OSt
005 20260305162659.0
008 260305b |||||||| |||| 00| 0 eng d
040 _cMRSPTU
041 _aEnglish
100 _aDiksha, Supervisor: Dr. Jyoti Saxena
245 _aDesign & Performance Improvement of LSB Based Image Steganography with Cryptography
260 _bDepartment of ECE, MRSPTU, Bathinda
_c2014
650 _aElectronics & Communication Engineering
856 _uhttp://163.47.215.52:8080/jspui/handle/123456789/1146
942 _2ddc
_cTH
_n0
999 _c11076
_d11076